000
00198 a2200097 4500
001
42565
100
_a
Foote
245
_a
Handbook for spies
260
_a
London
_b
Museum
_c
090
_c
26475
_d
26475
942
_a
NUST-CAE
_c
M
_c
18308
999
_c
277638
_d
277638